000 00865nam a2200277Ia 4500
001 Z_5322
003 CHAP
008 220113s2005 xx 000 0 und d
010 _a168388
040 _cCHAP
090 _aTesis G 1916
100 _aGarcía Carreón, Rafael
_945827
245 _aProducción de leche de vacas con diferente porcentaje de genes bos taurus en el trópico mexicano /
_cRafael García Carreón
260 _aChapingo, Méx. :
_bEl autor,
_c2005
300 _a60 h.
502 _aTesis (Mestro en Ciencias Esp. en Producción Animal) -- UACH. Departamento de Zootecnia
650 _aGanado vacuno
_x
_x Genética
_9142683
650 _aGanado vacuno
_x
_x Trópicos
_9142684
650 _aLeche
_x
_x Producción
_9140608
901 _aTESIS G 1916
902 _aM
910 _a2005
942 _c2
942 _c2
999 _c168388
_d168388